| 000 | 03002nam a22003137a 4500 | ||
|---|---|---|---|
| 999 |
_c411 _d411 |
||
| 001 | 001816 | ||
| 003 | CoMeUDC001816 | ||
| 005 | 20181213232927.0 | ||
| 008 | 130821s2009 ck gr spa | ||
| 020 | _a9789587310023 | ||
| 040 |
_aCo-BoUCM _bspa _cCoMeUDC |
||
| 041 | 0 | 0 | _aspa |
| 082 | 0 | 4 |
_a341 _220 _bD671d |
| 100 | 1 | _aDomingo, Rafael | |
| 245 | 1 | 3 |
_aEl derecho global génesis y evolución / _cRafael Domingo. |
| 260 |
_aBogotá (Colombia) : _bDIKE , _c2009. |
||
| 300 | _a238 páginas | ||
| 490 |
_aColección internacional _v3 |
||
| 504 | _aIncluye bibliografía. | ||
| 520 | _aRESUMEN : El ensayo que nos presenta Rafael Domingo, catedrático de Derecho romano de la Universidad de Navarra, director de la Cátedra Garrigues de Derecho Global, presidente de la Fundación Maiestas y director para Europa del Gertrude Ryan Law Observatory, ha sido galardonado con el premio Rafael Martínez, Emperador del Consejo General del Poder Judicial en su edición de 2007. El libro se estructura en dos partes diferenciadas pero unidas entre sí, precedidas de una introducción, en la que su autor R. Domingo Oslé reflexiona sobre el nuevo Derecho global, manifestando su propósito de dar una respuesta jurídica acorde a los principios que la globalización exige. Construye una teoría del Derecho global, sin provocar ruptura alguna con la tradición jurídica anterior, y siendo a su vez compatible con la idea de convivencia de Derechos, presente en la historia de Occidente de gran utilidad para el desarrollo de los ordenamientos jurídicos, y que culmina en un nuevo orden jurídico mundial. Toma como punto de partida la Antigüedad Clásica y el concepto de persona, origen del Derecho, y recupera la idea de pueblo (populus), en su sentido más genuino identificado con la noción misma de Humanidad. A resultas de ello, los principios que informan el Derecho global, ordenan un sistema legal en el que los problemas que afecten a la humanidad deben ser resueltos entre todos, y así, en virtud del fenómeno globalizador, la idea misma de Derecho Internacional, creación de la Europa moderna e ilustrada, será superada por un Derecho Global, universal y cosmopolita. Tras una introducción en la que se explica el marco teórico en el que dicho trabajo se circunscribe, en la primera parte, a través de un riguroso análisis histórico, profundiza en el concepto del ius gentium como origen del Derecho global, y resalta por encima de todas la figura de Marco Tulio Cicerón, el cual influido por el ideal estoico, fue el primero en utilizar la expresión "Derecho de gentes",... | ||
| 650 | 0 | 4 |
_aArbitramento _zEspaña _99299 |
| 650 | 0 | 0 |
_aGlobalización y derechos humanos. _9776 |
| 650 | 0 | 0 |
_aConceptos. _9775 _xDerecho internacional. |
| 650 | 0 | 0 |
_aDerecho internacional privado. _9774 |
| 650 | 0 | 0 |
_aDerecho internacional público. _9773 |
| 650 | 0 | 4 |
_aDerecho internacional _912776 |
| 650 | 0 | 4 |
_aGlobalización _9216 |
| 942 |
_cBK _a8 _e1 _mD671 _2ddc _h341 |
||